000
00240nam a2200097Ia 4500
008
120527s9999 xx 000 0 und d
100
_a
YUJI, Genda
245
_a
A Nagging sense of job insecurity
260
_b
Jean Conell Hoff
942
_c
BK
999
_c
25270
_d
25270